000
00291nam a2200121 a 4500
001
4140
005
20140414131934.0
008
090218s19uu xx 00 eng d
050
_a
REF 591.20
_b
St9 1990
100
_a
Stuart, Gene S.
245
_a
Our amazing animal friends.
999
_c
112380
_d
112380